| 000 | 00481nam a22001697a 4500 | ||
|---|---|---|---|
| 005 | 20260310154628.0 | ||
| 008 | 260309b |||||||| |||| 00| 0 eng d | ||
| 020 | _a978-93-88821-41-6 | ||
| 041 | _aeng | ||
| 082 | _a631.52 SIN-C | ||
| 100 |
_aSINGH,DR. OMKAR _98885 |
||
| 245 | _aCROP IMPROVEMENT- II ( RABI CROPS): According to the latest icar 5th dean Committee syllabus | ||
| 260 |
_aDELHI _bRAMA PUBLISHING HOUSE |
||
| 300 | _a320;P | ||
| 650 | _aAGRICULTURE | ||
| 942 | _cBK | ||
| 999 |
_c9062 _d9060 |
||